| 000 | 00641nam a22002177a 4500 | ||
|---|---|---|---|
| 003 | BUBTL | ||
| 008 | 160209b xxu||||| |||| 00| 0 eng d | ||
| 020 | _a978-81-315-2075-8 | ||
| 082 | _a621.3ROI | ||
| 100 |
_9370 _aSchilling, Robert J./Harris, Sandra L. |
||
| 245 | _aIntroduction to Digital Signal Processing Using MATLAB | ||
| 250 | _a2nd | ||
| 260 |
_aAndover _bCengage Learning _cc2012 |
||
| 300 |
_a[xvii],766p. _bill. _c25cm. |
||
| 650 | 0 |
_9371 _aEEE |
|
| 700 |
_9372 _aSchilling, Robert J./Harris, Sandra L. |
||
| 760 | _b2nd | ||
| 856 |
_k0 _l0 _yDownload |
||
| 942 |
_2ddc _cBK |
||
| 999 |
_c5155 _d5155 |
||